Словарь древнекитайских иероглифов (Запись № 1502299)

Подробности
000 -МАРКЕР
контрольное поле 02196nam0a22004211 4500
001 - ИДЕНТИФИКАТОР ЗАПИСИ
контрольное поле RU\NLR\bibl\1455751
005 - ИДЕНТИФИКАТОР ВЕРСИИ
контрольное поле 20260405164234.0
010 ## - МЕЖДУНАРОДНЫЙ СТАНДАРТНЫЙ НОМЕР КНИГИ (ISBN)
Номер (ISBN) 978-5-9925-0429-3
Тираж 1000
021 ## - НОМЕР ГОСУДАРСТВЕННОЙ РЕГИСТРАЦИИ
Код страны российская федерация
Номер 2009-90208
Номер Листа государственной регистраци 5688
035 ## - ДРУГИЕ СИСТЕМНЫЕ НОМЕРА
Идентификатор записи (NLR Aleph) 001447554
100 ## - ДАННЫЕ ОБЩЕЙ ОБРАБОТКИ
Данные общей обработки 20091105d2009 |||y0rusy50 ca
101 0# - ЯЗЫК РЕСУРСА
Язык текста, звукозаписи и т.д. русский
-- китайский
102 ## - СТРАНА ПУБЛИКАЦИИ ИЛИ ПРОИЗВОДСТВА
Страна публикации российская федерация
105 ## - ПОЛЕ КОДИРОВАННЫХ ДАННЫХ: ТЕКСТОВЫЕ МАТЕРИАЛЫ, МОНОГРАФИЧЕСКИЕ
Кодированные данные о монографическом текстовом документе y |||||||||
200 1# - ЗАГЛАВИЕ И СВЕДЕНИЯ ОБ ОТВЕТСТВЕННОСТИ
Основное заглавие Словарь древнекитайских иероглифов
Сведения, относящиеся к заглавию с приложением словаря наиболее частотных омографов, встречающихся в древнекитайском тексте, составленного Е.Г. Ивановой
Первые сведения об ответственности [сост.: В. В. Бортко и др.]
Последующие сведения об ответственности под науч. ред.: Т. Н. Никитиной и В. П. Зайцева
210 ## - ПУБЛИКАЦИЯ, РАСПРОСТРАНЕНИЕ И ДР.
Место издания, распространения и т.д. Санкт-Петербург
Имя издателя, распространителя и т. д. КАРО
Дата издания, распространения и т.д. 2009
215 ## - ФИЗИЧЕСКАЯ ХАРАКТЕРИСТИКА
Специфическое обозначение материала и объем 341, [2] с.
Размеры 26
300 ## - ОБЩИЕ ПРИМЕЧАНИЯ
Текст примечания Загл. также на кит. яз.: 古代漢語字典
320 ## - ПРИМЕЧАНИЯ О НАЛИЧИИ В ДОКУМЕНТЕ БИБЛИОГРАФИИ / УКАЗАТЕЛЯ
Текст примечания Библиогр. в конце кн. (12 назв.)
320 ## - ПРИМЕЧАНИЯ О НАЛИЧИИ В ДОКУМЕНТЕ БИБЛИОГРАФИИ / УКАЗАТЕЛЯ
Текст примечания Указатели: ключевой, указ. по числу черт / сост. В.П. Зайцев: с. 278-341
464 #0 - АНАЛИТИЧЕСКИЙ УРОВЕНЬ
Встроенное поле 2001#$aСловарь наиболее частотных омографов
-- 702#1$aИванова$bЕ. Г.$4220
Заглавие Словарь наиболее частотных омографов
510 1# - ПАРАЛЛЕЛЬНОЕ ЗАГЛАВИЕ
Параллельное заглавие 古代漢語字典
Язык заглавия китайский
606 1# - НАИМЕНОВАНИЕ ТЕМЫ КАК ПРЕДМЕТ
Наименование темы Китайский язык
Тематический подзаголовок Исторические словари
-- Русский язык
Системный номер авторитетной/нормативной записи 2588070
Идентификатор авторитетной/нормативной записи RU\NLR\auth\661529597
686 ## - ИНДЕКСЫ ДРУГИХ КЛАССИФИКАЦИЙ
Индекс Ш171.11-400
Код системы
686 ## - ИНДЕКСЫ ДРУГИХ КЛАССИФИКАЦИЙ
Индекс Ш171.11-48
Код системы
686 ## - ИНДЕКСЫ ДРУГИХ КЛАССИФИКАЦИЙ
Индекс Ш171.1-400
702 #1 - ИМЯ ЛИЦА - ВТОРИЧНАЯ ОТВЕТСТВЕННОСТЬ
Начальный элемент ввода Бортко
Часть имени, кроме начального элемента ввода В. В.
Расширение инициалов личного имени Владимир Владимирович
Код отношения Составитель
702 #1 - ИМЯ ЛИЦА - ВТОРИЧНАЯ ОТВЕТСТВЕННОСТЬ
Код отношения Редактор
Материалы, к которым относится поле rus
Графика поля Кириллица
Начальный элемент ввода Никитина
Часть имени, кроме начального элемента ввода Т. Н.
Дополнения к именам, кроме дат д-р филол. наук, синолог
Даты 1929-2015
Расширение инициалов личного имени Тамара Никифоровна
Идентификатор авторитетной/нормативной записи RU\NLR\AUTH\7770229
Системный номер авторитетной/нормативной записи 53157
801 #0 - ИСТОЧНИК ЗАПИСИ
Страна российская федерация
Организация РКП
Дата составления 20091105
Правила каталогизации rcr
801 #1 - ИСТОЧНИК ЗАПИСИ
Страна российская федерация
Организация РГБ
Дата составления 20091105
801 #2 - ИСТОЧНИК ЗАПИСИ
Страна российская федерация
Организация NLR
Дата составления 20091221
Правила каталогизации rcr
852 ## - МЕСТОНАХОЖДЕНИЕ И ШИФР ХРАНЕНИЯ
Идентификатор организации NLR
Наименование фонда или коллекции (Sub-Location Identifier) ОЛСАА-кит.
Шифр хранения (Call Number) 4-2475
942 ## - ДОПОЛНИТЕЛЬНЫЕ ЭЛЕМЕНТЫ ЗАПИСИ (АБИС)
Тип экземпляра АБИС Книга
980 ## - КОЛЛЕКЦИЯ
Название коллекции Национальная библиография
980 1# - КОЛЛЕКЦИЯ
Название коллекции
Экземпляры
Тип экземпляра Дата поступления Источник поступления Библиотека постоянного хранения Библиотека текущего хранения Место хранения Шифр хранения Штрих-код Статус не для выдачи
Книга 21.12.2009 Обязательный экземпляр РНБ (Московский) РНБ (Московский) Фонд литературы на языках стран Азии и Африки, подручный ОЛСАА-кит. 4-2475а 3071287  
Книга 21.12.2009 Обязательный экземпляр РНБ (Московский) РНБ (Московский) Фонд литературы на языках стран Азии и Африки ОЛСАА-кит. 4-2475 3071288